00738nam a2200205 a 450000100100000000500170001000800410002702000150006804000250008308200150010810000260012324500700014926000470021930000420026649000260030870000350033483000330036995201130040299900170051500004401420201002045108.0140513s1981 enkae 000 0 spa d a0333279840 aDO-SdBNPbspacBNPHU axxxxbxxxx1 aBrown, Richard97198910aTwentieth-Century Europe /cRichard Brown, Christopher W Daniels. a[Basingstoke]aMacmillan Education,c1981. aviii, 120 p. :bil., planos ;c22 cm.1 aDocuments and debates12aDaniels, Christopher W.971990 0aDocuments and debates971991 001050718MOaGRbGRcCTd2014-05-13iLF1l0oxxxx xxxxp44014-10r2020-06-25w2020-06-25y1ZNo se presta c43503d43503